First thing to what? - Statistics

General Stats
  • This quiz has been taken 2 times
  • The average score is 2 of 13
Answer Stats
Event/Thing Answer % Correct
Last continent to be discovered. Antarctica
100%
First Game to be a first person shooter. Doom
50%
First NBA player to score more than 10 points. Ossie Schectman
50%
First construction of the MADISON SQUARE GARDEN. 1874
0%
First Car to have 8 wheels. 1911 Reeves Octoauto
0%
First person to try to fly. Abbas Ibn Firnas
0%
Last Major sport to be invented. Bossaball
0%
Last holden car. Commodore SS-V Redline
0%
Last man on moon. Eugene A. Cernan
0%
First person to invent Pizza. Raffaele Esposito
0%
First video to be recorded. Roundhay Garden Scene
0%
First War with the Mongols. The Battle of Legnica
0%
First Movie to be rated R. The Split
0%
No matching quizzes found
Score Distribution
Percent of People with Each Score
Percentile by Number Answered
Your Score History
You have not taken this quiz